|
|
|
|
| LEADER |
01075nam a2200265 a 4500 |
| 001 |
00023117 |
| 008 |
110626s1995 bg w 000 0 eng d |
| 040 |
|
|
|a BD-DhAAL
|c BD-DhAAL
|
| 082 |
0 |
0 |
|a 348.5492/046
|2 21
|
| 245 |
0 |
4 |
|a The Bangladesh Law Times :
|b a monthly law journal.
|n volume no. 3 /
|c editor, Samarendra Nath Goswami, associate editors Mizanur Rahman Bhuiyan and Hare Krisna Das
|
| 246 |
1 |
|
|i Cited as:
|a BLT
|
| 260 |
|
|
|a Dhaka :
|b Samarendra Nath Goswami,
|c 1995-
|
| 300 |
|
|
|a 257 p. ;
|c 25 cm.
|
| 310 |
|
|
|a Monthly
|
| 362 |
0 |
|
|a Vol.III
|
| 500 |
|
|
|a Citation: 3BLT (AD) (1995): 3BLT (HCD)(1995)
|
| 500 |
|
|
|a Cumulated in an annual bound volume.
|
| 541 |
|
|
|e 00023117
|
| 650 |
|
0 |
|a Law reports, digests, etc.
|z Bangladesh.
|
| 700 |
1 |
|
|a Goswami,Samarendra Nath
|
| 700 |
1 |
|
|a Bhuiyan,Mizanur Rahman
|
| 700 |
1 |
|
|a Das,Hare Krisna
|
| 852 |
4 |
|
|a Ayesha Abed Library
|j General shelf
|
| 999 |
|
|
|c 10999
|d 10999
|
| 952 |
|
|
|0 0
|1 0
|2 ddc
|4 0
|6 348_549204600000000_BAN
|7 0
|9 17281
|a BRACUL
|b BRACUL
|c REF
|d 2011-06-26
|l 0
|o 348.5492046 BAN
|p 3010023117
|r 2011-06-26
|t 1
|w 2011-06-26
|y 1HOUR
|x Available
|